[Event "Suhar op"]
[Site "Suhar"]
[Date "2024.12.12"]
[Round "1"]
[White "Al Qudaimi, Basheer"]
[Black "Al Saifi, Nasser"]
[Result "1-0"]
[WhiteElo "2372"]
[BlackElo "1412"]
[PlyCount "71"]
[EventDate "2024.12.12"]
[EventType "swiss"]
[EventRounds "7"]
[EventCountry "OMN"]
[SourceTitle "CB52_2024"]
[SourceDate "2024.12.25"]
[SourceVersion "1"]
[SourceVersionDate "2024.12.25"]
[SourceQuality "1"]

1. e4 d6 2. d4 Nf6 3. Bd3 e5 4. c3 Be7 5. f4 Nbd7 6. Nf3 h6 7. 0-0 0-0 8. Qe2 Re8 9. Kh1 Bf8 10. fxe5 dxe5 11. d5 Bc5 12. b4 Bd6 13. a3 Nf8 14. c4 b6 15. Be3 Qe7 16. Qc2 N8d7 17. Rc1 Ba6 18. Bf1 Rac8 19. Nc3 c5 20. dxc6 Rxc6 21. b5 Bxb5 22. Nxb5 Bb8 23. Nc3 Rec8 24. Nd5 Qe6 25. Bd3 Bd6 26. Nh4 Nc5 27. Nf5 Nxd3 28. Qxd3 Ng4 29. Bg1 Nf6 30. Rf1 Bf8 31. Nxh6+ Kh8 32. Rxf6 gxf6 33. Nf5 Re8 34. Qh3+ Kg8 35. Qg4+ Kh8 36. Rf1 1-0

[Event "Salalah Dhofar op"]
[Site "Salalah"]
[Date "2024.07.25"]
[Round "1"]
[White "Al Qudaimi, Basheer"]
[Black "Al Yousufi, Dawood"]
[Result "1-0"]
[WhiteElo "2371"]
[BlackElo "1590"]
[PlyCount "69"]
[EventDate "2024.07.25"]
[EventType "swiss"]
[EventRounds "7"]
[EventCountry "OMN"]
[SourceTitle "EXT 2025"]
[Source "ChessBase"]
[SourceDate "2024.10.14"]
[SourceVersion "1"]
[SourceVersionDate "2024.10.14"]
[SourceQuality "1"]

1. e4 e5 2. Nf3 Nc6 3. Bb5 a6 4. Ba4 Nf6 5. 0-0 Be7 6. Re1 b5 7. Bb3 d6 8. c3 Na5 9. Bc2 c5 10. d3 Bg4 11. Nbd2 Nc6 12. h3 Bh5 13. Nf1 0-0 14. Ng3 Bg6 15. a4 b4 16. Bb3 bxc3 17. bxc3 Qb6 18. Nh4 Rab8 19. Rb1 Kh8 20. Nhf5 Qc7 21. Bg5 Na5 22. Nxe7 Qxe7 23. Ba2 h6 24. Bh4 Rfc8 25. Nf1 c4 26. Ne3 Qe6 27. Nxc4 Nc6 28. Bb3 d5 29. Ne3 Rxb3 30. Qxb3 d4 31. Qxe6 fxe6 32. cxd4 Nxd4 33. Nc4 Nd7 34. Bg3 Bf7 35. Nd6 1-0

[Event "Dubai op-A 23rd"]
[Site "Dubai"]
[Date "2023.06.04"]
[Round "9"]
[White "Al Qudaimi, Basheer"]
[Black "Eric, Jovana"]
[Result "1-0"]
[WhiteElo "2401"]
[BlackElo "2217"]
[PlyCount "95"]
[EventDate "2023.05.27"]
[EventType "swiss"]
[EventRounds "9"]
[EventCountry "UAE"]
[SourceTitle "CBM 214 Extra"]
[Source "ChessBase"]
[SourceDate "2023.07.31"]
[SourceVersion "1"]
[SourceVersionDate "2023.07.31"]
[SourceQuality "1"]

1. d4 Nf6 2. c4 e6 3. Nc3 Bb4 4. e3 0-0 5. Nge2 d5 6. a3 Be7 7. cxd5 exd5 8. Nf4 c6 9. Be2 a5 10. f3 Na6 11. e4 dxe4 12. fxe4 Nc7 13. Bf3 Ne6 14. Nfe2 Nd7 15. 0-0 Nb6 16. Kh1 Ng5 17. Bf4 h6 18. Ng3 Nc4 19. Be2 b5 20. d5 cxd5 21. Nxd5 Bd6 22. b3 Bxf4 23. Rxf4 Ne5 24. Bxb5 Rb8 25. a4 Ng6 26. Rf2 Be6 27. Rd2 Kh8 28. Qg1 Qd6 29. Qd4 Rfd8 30. Bc4 Ne5 31. Nh5 Bg4 32. Ng3 Nc6 33. Qf2 Qe5 34. Re1 Be6 35. h4 Nh7 36. Red1 Nf8 37. Ne3 Rxd2 38. Rxd2 Ng6 39. Bd5 Nce7 40. h5 Nf4 41. Bxe6 Nxe6 42. Rd7 Qg5 43. Nd5 Rxb3 44. Nxe7 Rxg3 45. Qxf7 Qh4+ 46. Kg1 Rxg2+ 47. Kxg2 Nf4+ 48. Qxf4 1-0

[Event "Dubai op-A 23rd"]
[Site "Dubai"]
[Date "2023.05.27"]
[Round "1"]
[White "Sanal, Vahap"]
[Black "Al Qudaimi, Basheer"]
[Result "1-0"]
[WhiteElo "2600"]
[BlackElo "2401"]
[PlyCount "91"]
[EventDate "2023.05.27"]
[EventType "swiss"]
[EventRounds "9"]
[EventCountry "UAE"]
[SourceTitle "CBM 214 Extra"]
[Source "ChessBase"]
[SourceDate "2023.07.31"]
[SourceVersion "1"]
[SourceVersionDate "2023.07.31"]
[SourceQuality "1"]

1. e4 e5 2. Nf3 Nc6 3. Bb5 a6 4. Ba4 Nf6 5. 0-0 Be7 6. Re1 b5 7. Bb3 d6 8. c3 0-0 9. h3 Nb8 10. d4 Nbd7 11. Nbd2 h6 12. Nf1 Bb7 13. Ng3 Re8 14. Bc2 Bf8 15. b3 c6 16. Be3 Qc7 17. c4 exd4 18. Bxd4 Ne5 19. Nd2 c5 20. Bc3 g6 21. Ndf1 Bg7 22. Ne3 Nc6 23. Nd5 Nxd5 24. Bxg7 Kxg7 25. cxd5 Nd4 26. Bd3 b4 27. Ne2 Nxe2+ 28. Qxe2 Qe7 29. a3 Qf6 30. axb4 cxb4 31. Bc4 a5 32. Qd3 Re7 33. Ra2 Bc8 34. Bb5 Qe5 35. Rc2 f5 36. Rc4 Bb7 37. f4 Qxf4 38. e5 Qg5 39. h4 Qh5 40. e6 Rf8 41. Rf4 Kh7 42. Ref1 Rc8 43. Bc4 Kg8 44. Qe3 Rxc4 45. bxc4 a4 46. Qe1 1-0

[Event "Sharjah Rapid"]
[Site "Sharjah"]
[Date "2023.03.26"]
[Round "1"]
[White "Krisha, Tamhant Jain"]
[Black "Al Qudaimi, Basheer"]
[Result "0-1"]
[WhiteElo "1023"]
[BlackElo "2401"]
[PlyCount "44"]
[EventDate "2023.03.26"]
[EventType "swiss (rapid)"]
[EventRounds "9"]
[EventCountry "UAE"]
[SourceTitle "CBM 213 Extra"]
[Source "ChessBase"]
[SourceDate "2023.05.31"]
[SourceVersion "1"]
[SourceVersionDate "2023.05.31"]
[SourceQuality "1"]

1. e4 e5 2. Nf3 Nc6 3. Bc4 Nf6 4. d3 Bc5 5. 0-0 d6 6. h3 a6 7. Bg5 h6 8. Bh4 g5 9. Bg3 Nh5 10. Bh2 Nf4 11. c3 g4 12. hxg4 Bxg4 13. Nbd2 Qf6 14. Qb3 Rg8 15. Bg3 b5 16. Bxb5 axb5 17. Qxb5 Bd7 18. a4 Rxg3 19. d4 Rxg2+ 20. Kh1 Qg6 21. Nh2 Rxh2+ 22. Kxh2 Qg2# 0-1

[Event "Dubai op 22nd"]
[Site "Dubai"]
[Date "2022.09.01"]
[Round "6"]
[White "Al Qudaimi, Basheer"]
[Black "Rakhmatullaev, Almas"]
[Result "0-1"]
[WhiteElo "2424"]
[BlackElo "2288"]
[PlyCount "142"]
[EventDate "2022.08.27"]
[EventType "swiss"]
[EventRounds "9"]
[EventCountry "UAE"]
[SourceTitle "CBM 210 Extra"]
[Source "ChessBase"]
[SourceDate "2022.11.30"]
[SourceVersion "1"]
[SourceVersionDate "2022.11.30"]
[SourceQuality "1"]

1. e4 e5 2. Nf3 Nc6 3. Bb5 a6 4. Ba4 Nf6 5. 0-0 b5 6. Bb3 Bb7 7. d4 Nxd4 8. Bxf7+ Kxf7 9. Nxe5+ Kg8 10. Qxd4 d6 11. Nf3 Bxe4 12. Bg5 Bb7 13. Qc3 c5 14. Qb3+ d5 15. Nbd2 h6 16. Bh4 g5 17. Bg3 Rh7 18. c3 Qd7 19. a4 bxa4 20. Rxa4 Re8 21. Qc2 Rhe7 22. b4 Re2 23. Ra2 g4 24. Nh4 Qh7 25. Qb3 c4 26. Qc2 Qxc2 27. Rxc2 d4 28. cxd4 c3 29. Rxc3 Rxd2 30. Rc7 Re7 31. Rc4 Bd5 32. Rc8 Re8 33. Rc7 Rxd4 34. Ng6 Rc4 35. Ra7 Ne4 36. Nxf8 Rxf8 37. Be5 Rf7 38. Rxa6 Kh7 39. Ra5 Bb7 40. b5 Rc2 41. Bd4 h5 42. Be3 h4 43. b6 Kg6 44. h3 gxh3 45. gxh3 Rf3 46. Ra7 Rf7 47. Rd1 Kf5 48. Ra5+ Ke6 49. Re1 Rg7+ 50. Kh2 Kd7 51. Rd1+ Nd6 52. Rg1 Re7 53. Bd4 Rd2 54. Ra4 Nb5 55. Bc5 Re5 56. Rg7+ Kc6 57. Rc4 Rxc5 58. Rxc5+ Kxc5 59. Rxb7 Rxf2+ 60. Kg1 Rb2 61. Rg7 Nd4 62. b7 Nf3+ 63. Kf1 Kd4 64. Re7 Ne5 65. Ke1 Ke4 66. Kd1 Kf4 67. Kc1 Nd3+ 68. Kd1 Nc5 69. Rg7 Ke3 70. Rc7 Nxb7 71. Rc4 Kd3 0-1

[Event "Olympiad-44"]
[Site "Chennai"]
[Date "2022.08.03"]
[Round "6.1"]
[White "Bachmann, Axel"]
[Black "Al Qudaimi, Basheer"]
[Result "1-0"]
[WhiteElo "2588"]
[BlackElo "2424"]
[PlyCount "53"]
[EventDate "2022.07.29"]
[EventType "team-swiss"]
[EventRounds "11"]
[EventCountry "IND"]
[SourceTitle "CBM 210"]
[Source "ChessBase"]
[SourceDate "2022.10.31"]
[SourceVersion "1"]
[SourceVersionDate "2022.10.31"]
[SourceQuality "1"]
[WhiteTeam "Paraguay"]
[BlackTeam "Yemen"]
[WhiteTeamCountry "PAR"]
[BlackTeamCountry "YEM"]

1. Nf3 d5 2. b3 Bg4 3. e3 Nd7 4. Bb2 Ngf6 5. d3 e5 6. Nbd2 Bd6 7. h3 Bh5 8. g4 Bg6 9. Nh4 Qe7 10. Bg2 c6 11. a3 Nc5 12. Qe2 Nfd7 13. Nxg6 fxg6 14. c4 e4 15. dxe4 dxe4 16. 0-0 Bc7 17. b4 Qd6 18. Rfd1 Qh2+ 19. Kf1 Ne6 20. Nxe4 0-0-0 21. c5 Nf6 22. Nxf6 gxf6 23. Bxf6 Rxd1+ 24. Rxd1 Rf8 25. g5 Kb8 26. Qc4 Re8 27. b5 1-0

[Event "Sharjah Blitz op 27th"]
[Site "Sharjah"]
[Date "2022.04.08"]
[Round "7"]
[White "Abdulla, Ali"]
[Black "Al Qudaimi, Basheer"]
[Result "0-1"]
[WhiteElo "1814"]
[BlackElo "2424"]
[PlyCount "28"]
[EventDate "2022.04.08"]
[EventType "swiss (blitz)"]
[EventRounds "9"]
[EventCountry "UAE"]
[SourceTitle "CBM 207 Extra"]
[Source "ChessBase"]
[SourceDate "2022.05.31"]
[SourceVersion "1"]
[SourceVersionDate "2022.05.31"]
[SourceQuality "1"]

1. d4 Nf6 2. Nc3 d5 3. Bf4 c5 4. e3 a6 5. Nf3 Nc6 6. Ne5 Bf5 7. Nxc6 bxc6 8. Bd3 Bxd3 9. Qxd3 e6 10. 0-0 c4 11. Qe2 Bb4 12. f3 Nh5 13. Bg3 Nxg3 14. hxg3 Qg5 0-1

[Event "Sharjah Blitz op 27th"]
[Site "Sharjah"]
[Date "2022.04.08"]
[Round "2"]
[White "Al Qudaimi, Basheer"]
[Black "Soud, Jaber"]
[Result "1-0"]
[WhiteElo "2424"]
[BlackElo "1414"]
[PlyCount "48"]
[EventDate "2022.04.08"]
[EventType "swiss (blitz)"]
[EventRounds "9"]
[EventCountry "UAE"]
[SourceTitle "CBM 207 Extra"]
[Source "ChessBase"]
[SourceDate "2022.05.31"]
[SourceVersion "1"]
[SourceVersionDate "2022.05.31"]
[SourceQuality "1"]

1. e4 e5 2. Nf3 Nc6 3. Bc4 Be7 4. 0-0 Nf6 5. d3 0-0 6. a4 d6 7. h3 h6 8. a5 a6 9. Re1 Nh7 10. Nbd2 Kh8 11. Nf1 f5 12. exf5 Bxf5 13. Ng3 Bd7 14. c3 Ng5 15. Nxg5 Bxg5 16. Qh5 Bxc1 17. Raxc1 Be8 18. Qe2 Nxa5 19. Bd5 Bc6 20. Ba2 Be8 21. Qe4 Qf6 22. Re2 Bc6 23. Qg4 Qf4 24. Qxf4 exf4 1-0

[Event "Sousse BICA op 1st"]
[Site "Sousse"]
[Date "2021.12.24"]
[Round "1"]
[White "Al Qudaimi, Basheer"]
[Black "Bousrih, Maher"]
[Result "1-0"]
[WhiteElo "2440"]
[BlackElo "1681"]
[PlyCount "85"]
[EventDate "2021.12.24"]
[EventType "swiss"]
[EventRounds "9"]
[EventCountry "TUN"]
[SourceTitle "CBM 205 Extra"]
[Source "ChessBase"]
[SourceDate "2022.01.31"]
[SourceVersion "1"]
[SourceVersionDate "2022.01.31"]
[SourceQuality "1"]

1. e4 Nc6 2. Nc3 Nf6 3. Nf3 d5 4. e5 d4 5. exf6 dxc3 6. fxg7 cxd2+ 7. Qxd2 Qxd2+ 8. Bxd2 Bxg7 9. 0-0-0 Bg4 10. Bb5 0-0-0 11. Bxc6 bxc6 12. Bg5 f6 13. Be3 a6 14. Rxd8+ Rxd8 15. Nd4 Rd6 16. h3 Bd7 17. Nb3 Kb8 18. Re1 e5 19. f4 Bc8 20. Nc5 Rd8 21. Re2 Bf8 22. Ne4 exf4 23. Bxf4 Re8 24. Re3 f5 25. Nf6 Rxe3 26. Bxe3 h6 27. Ng8 Be6 28. Bxh6 Bxh6+ 29. Nxh6 Kc8 30. Kd2 Kd8 31. Ke3 Ke7 32. Kf4 Kf6 33. g4 Bxa2 34. g5+ Kg6 35. Nxf5 Be6 36. h4 Bf7 37. Kg4 Be6 38. h5+ Kh7 39. g6+ Kg8 40. Kg5 a5 41. h6 a4 42. h7+ Kh8 43. Kh6 1-0